000 004330000a22001810004500
003 MACL
005 20151230125334.0
008 151230b xxu||||| |||| 00| 0 eng d
040 _aMACL
_cMACL
041 _aEnglish
082 _a303.4/BAR
100 _aDhar, D P
_924794
245 _aPlanning and Social Change
260 _bArnold Heinemann
_c1976
350 _a35
650 _aSociology
_924795
942 _cBK
_k303.4/BAR
_2ddc
999 _c33873
_d33873